[Event "Olympiad Women 2024"]
[Site "Budapest HUN"]
[Date "2024.09.14"]
[Round "4.6"]
[Board "3"]
[White "Vega Gutierrez, Sabrina"]
[Black "Nomin-Erdene, Davaademberel"]
[Result "1-0"]
[WhiteElo "2374"]
[BlackElo "2319"]
[PlyCount "75"]
[EventDate "2024.09.11"]
[WhiteTeam "Spain"]
[BlackTeam "Mongolia"]
[WhiteTeamCountry "ESP"]
[BlackTeamCountry "MGL"]

1. e4 c5 2. Nf3 Nc6 3. d4 cxd4 4. Nxd4 Nf6 5. Nc3 e6 6. Nxc6 bxc6 7. e5 Nd5 8. Ne4 Bb7 9. Be2 c5 10. O-O Qc7 11. Nd6+ Bxd6 12. exd6 Qc6 13. f3 e5 14. c4 Nf4 15. Bxf4 exf4 16. Bd3 ({RR} 16. Qd2 O-O 17. Bd3 Rae8 18. Qxf4 Re6 19. Rad1 g6 20. Bc2 Qa6 21. a3 Re2 22. Rf2 Rfe8 23. h4 R2e5 24. Rdd2 R8e6 25. g4 f6 26. Kh2 Rxd6 27. g5 Rxd2 28. Rxd2 Qe6 29. Qxf6 Re2+ 30. Rxe2 Qxe2+ {½-½ LCZero 0.31-dag-5350a2e-BT4-6 (3631)-Stockfish dev-20240728-2343f7 (3662) TCEC 26 Balanced Lines 2024 (10.1)}) 16... O-O $146 ({RR} 16... Qxd6 17. Re1+ Kd8 18. Bf5 Qxd1 19. Raxd1 Bc6 20. Re5 a5 21. Rxc5 Ke7 22. Be4 Rhc8 23. Re5+ Kf8 24. Bxc6 dxc6 25. Rd7 Rd8 26. Rxa5 Rxa5 27. Rxd8+ Ke7 28. Rg8 Rxa2 29. Rxg7 Rxb2 30. Rg4 Rb1+ 31. Kf2 {½-½ Firouzja,A (2777)-Carlsen,M (2835) Julius Baer Rapid Div 1 W 2023 (4.2)}) 17. Bc2 Rae8 18. Qd3 g6 19. Rfe1 Rxe1+ 20. Rxe1 Qb6 21. Qd2 Bc6 22. Be4 Rc8 23. Bxc6 Qxc6 24. Re7 Rf8 25. h4 h5 26. b3 a5 27. Qxf4 a4 28. Kh2 axb3 29. axb3 Qb7 30. Qe3 Qc6 31. Qe5 Rb8 32. Kg3 Ra8 33. Qf6 Rf8 34. Kf4 Kh7 35. Kg5 Qa8 36. Rxf7+ Rxf7 37. Qxf7+ Kh8 38. Kh6 1-0

[Event "Olympiad Women 2024"]
[Site "Budapest HUN"]
[Date "2024.09.14"]
[Round "4.6"]
[Board "4"]
[White "Mungunzul, Bat-Erdene"]
[Black "Matnadze Bujiashvili, Ann"]
[Result "1-0"]
[WhiteElo "2224"]
[BlackElo "2338"]
[PlyCount "79"]
[EventDate "2024.09.11"]
[WhiteTeam "Mongolia"]
[BlackTeam "Spain"]
[WhiteTeamCountry "MGL"]
[BlackTeamCountry "ESP"]

1. d4 d6 2. Nf3 Nf6 3. c4 g6 4. Nc3 Bg7 5. e4 Bg4 6. Be2 Bxf3 7. Bxf3 e5 8. d5 h5 9. h3 Nbd7 10. Be3 Bh6 11. Bxh6 Rxh6 12. b4 $146 ({RR} 12. Qd2 Rh8 13. h4 a5 14. O-O Kf8 15. b3 Kg7 16. a3 Qe7 17. Rab1 c6 18. dxc6 bxc6 19. Rfd1 Ne8 20. g3 Nc5 21. Bg2 Ne6 22. Ne2 c5 23. Nc3 Nd4 24. Nd5 Qd8 25. b4 axb4 26. axb4 cxb4 {0-1 Garcia,E (2127)-Livaic,L (2558) Titled Tue 5th Mar Early 2024 (6)}) 12... Kf8 13. a3 Kg7 14. Qd2 Nh7 15. Qe3 f5 16. O-O-O h4 17. Kb2 a5 18. Be2 Ng5 19. f3 Nf7 20. Bd3 Rh5 21. Bc2 Rg5 22. Qf2 Qb8 23. exf5 gxf5 24. Qxh4 axb4 25. axb4 Qa7 26. Ra1 Qb6 27. c5 dxc5 28. Rxa8 cxb4 29. Na4 Qb5 30. Qf2 Nd6 31. Bb3 f4 32. Rc1 Nf5 33. Bc4 Qxa4 34. Rxa4 Ne3 35. Bf1 Nb6 36. Rxb4 Nbxd5 37. Rxb7 Rg6 38. Qh4 Kg8 39. Qd8+ Kg7 40. Rcxc7+ 1-0

[Event "Olympiad Women 2024"]
[Site "Budapest HUN"]
[Date "2024.09.14"]
[Round "4.7"]
[Board "1"]
[White "Injac, Teodora"]
[Black "Assaubayeva, Bibisara"]
[Result "1/2-1/2"]
[WhiteElo "2425"]
[BlackElo "2482"]
[PlyCount "98"]
[EventDate "2024.09.11"]
[WhiteTeam "Serbia"]
[BlackTeam "Kazakhstan"]
[WhiteTeamCountry "SRB"]
[BlackTeamCountry "KAZ"]

1. d4 Nf6 2. c4 g6 3. Nc3 Bg7 4. e4 d6 5. Be2 O-O 6. Nf3 c6 7. O-O a6 8. h3 b5 9. a3 Bb7 ({RR} 9... Nfd7 10. Bg5 h6 11. Be3 Nb6 12. cxb5 axb5 13. Qd2 Kh7 14. d5 cxd5 15. exd5 Nc4 16. Bxc4 bxc4 17. Bd4 f6 18. Qe2 Nd7 19. Nd2 Ba6 20. f4 f5 21. Bxg7 Kxg7 22. Nf3 Qb6+ 23. Kh2 Rf7 24. Rg1 {1-0 Lysyj,I (2677)-Goganov,A (2609) RUS-chT rapid 2015 (4.10)}) ({RR} 9... bxc4 10. Bd3 cxd3 11. Qxd3 a5 12. Re1 Ba6 13. Qc2 Nbd7 14. Be3 e5 15. Qd2 Qe7 16. Bh6 Rfc8 17. Bxg7 Kxg7 18. Rad1 Rd8 19. Qg5 h6 20. Qg3 Nh5 21. Qh2 Rab8 22. Rd2 Nf4 23. Red1 g5 24. Qg3 {1-0 Tari,A (2635)-Nigalidze,G (2373) Titled Tue 13th Feb Early 2024 (3)}) 10. e5 Ne8 11. Bf4 Nd7 12. b4 $146 ({RR} 12. exd6 exd6 13. Bg5 Ndf6 14. d5 bxc4 15. dxc6 Bxc6 16. Bxc4 Nc7 17. Nd4 Bb7 18. Rb1 d5 19. Be2 Qd7 20. Bf4 Ne6 21. Be5 Rfe8 22. Re1 Nc5 23. Bf4 Nfe4 24. f3 Nd6 25. b4 Ne6 26. Nxe6 Qxe6 {½-½ Pech,B (1690)-Pastva,Z (1935) Klatovy op-B 2000}) ({RR} 12. Qd2 dxe5 13. dxe5 Nxe5 14. Qxd8 Nxf3+ 15. Bxf3 Rxd8 16. cxb5 axb5 17. Nxb5 Bxb2 18. Ra2 cxb5 19. Bxb7 Bc3 20. Rb1 Nd6 21. Bxd6 Rxd6 22. Rxb5 Rd1+ 23. Kh2 Rfd8 24. Rc5 Bd4 25. Rcc2 Rb1 26. Bc6 Rd6 {1-0 Cuenca Jimenez,J (2542)-Herrera Reyes,J (2304) ESP-ch 86th Linares 2021 (4)}) 12... bxc4 13. Bxc4 d5 14. Bd3 Nc7 15. Qd2 a5 16. Rfc1 Ba6 17. Na4 Ne6 18. Be3 Bxd3 19. Qxd3 Nb6 20. Nxb6 Qxb6 21. Rab1 axb4 22. Rxb4 Qc7 23. Qb3 Rfb8 24. Ng5 Rxb4 25. axb4 Nxg5 26. Bxg5 f6 27. exf6 exf6 28. Be3 Qb6 29. Qc3 Rc8 30. Bf4 Qb7 31. Qc5 Bf8 32. Bd6 Bxd6 33. Qxd6 Kf7 34. b5 cxb5 35. Rxc8 Qxc8 36. Qxd5+ Kg7 37. Qxb5 Qc1+ 38. Qf1 Qd2 39. Qc4 Qe1+ 40. Qf1 Qd2 41. Qa1 g5 42. g3 h5 43. Qa7+ Kg6 44. Qc5 Qe1+ 45. Kg2 Qe4+ 46. Kh2 h4 47. g4 Qf4+ 48. Kg2 Qe4+ 49. Kh2 Qf4+ 1/2-1/2

[Event "Olympiad Women 2024"]
[Site "Budapest HUN"]
[Date "2024.09.14"]
[Round "4.7"]
[Board "2"]
[White "Kamalidenova, Meruert"]
[Black "Gajcin, Marina"]
[Result "1/2-1/2"]
[WhiteElo "2352"]
[BlackElo "2253"]
[PlyCount "192"]
[EventDate "2024.09.11"]
[WhiteTeam "Kazakhstan"]
[BlackTeam "Serbia"]
[WhiteTeamCountry "KAZ"]
[BlackTeamCountry "SRB"]

1. e4 c5 2. Nf3 Nc6 3. d4 cxd4 4. Nxd4 Nf6 5. Nc3 e5 6. Ndb5 d6 7. Bg5 a6 8. Na3 b5 9. Nd5 Be7 10. Bxf6 Bxf6 11. c3 Rb8 12. Nc2 Bg5 13. h4 Bxh4 ({RR} 13... Bh6 14. Be2 O-O 15. Bg4 Be6 16. Kf1 Qd7 17. Bf5 Kh8 18. Qh5 Bxf5 19. exf5 f6 20. Rd1 a5 21. Rh3 Rbe8 22. Rhd3 e4 23. Nxf6 Rxf6 24. Rxd6 Rxf5 25. Rxc6 Rxf2+ 26. Kxf2 Qxc6 27. Kg1 b4 28. cxb4 {0-1 Dubov,D (2702)-Radjabov,T (2765) Airthings Masters KO rapid 2020 (2.14)}) 14. g3 Be7 $146 ({RR} 14... Bg5 15. f4 exf4 16. gxf4 Bh4+ 17. Kd2 Be6 18. Bd3 g5 19. Qh5 Kd7 20. Qh6 Bg3 21. fxg5 Bxd5 22. Qh3+ Be6 23. Qxg3 Rg8 24. Rag1 Ne5 25. Rxh7 Rxg5 26. Qf2 Rxg1 27. Qxg1 Qg5+ {½-½ Albustin,B (1911)-Heine,R (2029) Muensterland Verbandsklasse-A 0506 2005 (3.6)}) ({RR} 14... Bg5 15. Bh3 Be6 16. Kf1 O-O 17. Kg2 g6 18. f4 exf4 19. gxf4 Bf6 20. Nce3 Bg7 21. Qf3 b4 22. c4 Nd4 23. Qg3 b3 24. a3 Nc2 25. Rab1 Nxe3+ 26. Qxe3 Re8 27. Rhd1 Qh4 28. Bxe6 fxe6 29. Nb4 {0-1 Kucuksari,K (2465)-Kuderinov,K (2364) Titled Tue 13th Feb Early 2024 (10)}) ({RR} 14... Bg5 15. Bh3 Bb7 16. f4 exf4 17. gxf4 Bxf4 {0-1 Ramesh,R (2450)-Nijboer,F (2537) Lost Boys op 2000 (8)}) 15. Nce3 g6 16. Bd3 b4 17. Kf1 bxc3 18. bxc3 Kf8 19. Qa4 Bd7 20. Qa3 Kg7 21. Rd1 h5 22. Be2 Bf8 23. Qxa6 Ra8 24. Qc4 Na5 25. Qc7 Qxc7 26. Nxc7 Rb8 27. Na6 Rc8 28. Nd5 Bc6 29. Nab4 Bxd5 30. Rxd5 Nc4 31. Kg2 Be7 32. Rb5 Bg5 33. Nd5 h4 34. gxh4 Rxh4 35. Rxh4 Bxh4 36. Rb7 Bg5 37. a4 Bd8 38. Rd7 Nd2 39. Ba6 Ra8 40. Bb7 Ra7 41. f3 Ba5 42. Bc6 Rxd7 43. Bxd7 Nb3 44. Kf1 Bd8 45. Ke2 Nc5 46. Bb5 f5 47. exf5 gxf5 48. Nb4 Bb6 49. Nc6 Nb7 50. Ne7 f4 51. Bc6 Na5 52. Bd5 Kf8 53. Ng6+ Ke8 54. Kd3 Bf2 55. Nh8 Kd7 56. Nf7 Nc6 57. Kc4 Ne7 58. Ng5 Bb6 59. Ne4 Kc7 60. Ba8 Kb8 61. Bd5 Kc7 62. Nd2 Ba5 63. Be4 Kb6 64. Nb1 Ka6 65. Na3 Nc8 66. Nb5 Bd8 67. Kd5 Nb6+ 68. Kxd6 Nxa4 69. c4 Nb2 70. Na3 Ba5 71. Kxe5 Kb6 72. Kd5 Bb4 73. Nc2 Bc5 74. Ne1 Nd1 75. Ke5 Nb2 76. Bd5 Be3 77. Kd6 Bc5+ 78. Ke5 Be3 79. Ng2 Kc5 80. Ke4 Bd2 81. Nxf4 Nxc4 82. Ne6+ Kb4 83. Kd3 Nb6 84. Ba2 Bc3 85. f4 Nd7 86. Bd5 Bf6 87. Ke3 Ne5 88. Be4 Nc4+ 89. Kf2 Nd6 90. Kf3 Kc4 91. Bc6 Nf5 92. Ke4 Nd6+ 93. Kf3 Nf5 94. Kg4 Nd4 95. Bd5+ Kxd5 96. Nxd4 Bxd4 1/2-1/2

[Event "Olympiad Women 2024"]
[Site "Budapest HUN"]
[Date "2024.09.14"]
[Round "4.7"]
[Board "3"]
[White "Velikic, Adela"]
[Black "Nurman, Alua"]
[Result "0-1"]
[WhiteElo "2260"]
[BlackElo "2324"]
[PlyCount "156"]
[EventDate "2024.09.11"]
[WhiteTeam "Serbia"]
[BlackTeam "Kazakhstan"]
[WhiteTeamCountry "SRB"]
[BlackTeamCountry "KAZ"]

1. d4 d5 2. c4 e6 3. Nc3 Nf6 4. cxd5 exd5 5. Bg5 c6 6. e3 h6 7. Bh4 Be7 8. Bd3 O-O 9. Qc2 Re8 10. Nge2 a5 11. O-O Na6 12. a3 Nc7 13. Rac1 ({RR} 13. f3 Ne6 14. a4 b6 15. Rad1 Bb7 16. Kh1 c5 17. Bb5 Rf8 18. dxc5 bxc5 19. Bc4 Nc7 20. Ba2 Re8 21. e4 Ra6 22. Bxf6 Bxf6 23. Nxd5 Bxd5 24. Bxd5 Nxd5 25. Rxd5 Rd6 26. Rfd1 Bd4 27. Rxd6 Qxd6 {1-0 Carlsen,M (2864)-Anton Guijarro,D (2691) Chessable Masters KO rapid 2022 (1.11)}) ({RR} 13. Na4 Ne6 14. Nc5 Ng5 15. b4 b6 16. Na4 Bd7 17. bxa5 Rxa5 18. Rfb1 b5 19. Nc5 Qa8 20. Rb3 Bxc5 21. Qxc5 Nfe4 22. Qc1 Nd6 23. f3 Nc4 24. Be1 Ra7 25. h4 Ne6 26. e4 c5 27. exd5 Qxd5 {½-½ Voege,T (2283)-Gentemann,M (2239) Lower Saxony Championship 2024 (6.3)}) 13... Ne6 14. f3 $146 ({RR} 14. Na4 Ng5 15. f3 Bd6 16. Bf2 Bc7 17. Rfe1 Rb8 18. b4 Bd6 19. Qb3 Qe7 20. bxa5 Bxa3 21. Rb1 Bd6 22. Nb6 Be6 23. Nf4 c5 24. dxc5 Bxc5 25. h4 Ngh7 26. Nbxd5 Nxd5 27. Nxd5 Bxd5 28. Qxd5 Nf6 {½-½ Zetocha,A (2155)-Bronstein,O (2459) 16th Arad Open 2023 (2.28)}) ({RR} 14. h3 Bd7 15. Bg3 Bf8 16. Bh2 b5 17. Kh1 Rc8 18. Qb1 b4 19. axb4 axb4 20. Na4 c5 21. Nxc5 Nxc5 22. dxc5 Bxc5 23. Ba6 Ra8 24. Bb7 Ra7 25. Bxd5 Bb5 26. Bc4 Bxc4 27. Rxc4 Qd5 28. b3 Rea8 {1-0 Hajiyev,K (2194)-Acikel,M (2240) Titled Tue 4th Apr Early 2023 (8)}) 14... b5 15. Bf2 Bd7 16. Rfd1 Rc8 17. Bf5 g6 18. Bd3 Kg7 19. Qd2 Qb6 20. e4 dxe4 21. Bxe4 b4 22. Na4 Qa6 23. Bd3 Qb7 24. Nc5 Nxc5 25. dxc5 Nd5 26. Bc4 Be6 27. Nf4 Nxf4 28. Qxf4 Bg5 29. Qd4+ Bf6 30. Qf4 Bg5 31. Qd4+ Kh7 32. Bxe6 Rxe6 33. Rb1 Rd8 34. Qc4 Rde8 35. axb4 axb4 36. Rd6 Be3 37. Bxe3 Rxe3 38. h3 Re2 39. Rbd1 R8e7 40. Qd4 Qb8 41. Rd2 Re1+ 42. Kf2 Qb5 43. Rf6 Rc1 44. Rf4 Rb7 45. Kg3 Qxc5 46. Qxc5 Rxc5 47. Rdd4 Rg5+ 48. Kf2 c5 49. Rd2 Re5 50. Rc4 Ra7 51. f4 Rf5 52. g4 Rf6 53. Kf3 Ra1 54. Rf2 Rc6 55. Rfc2 Rf1+ 56. Kg3 Rb1 57. Rxc5 Rxc5 58. Rxc5 Rxb2 59. g5 h5 60. Rb5 b3 61. Rb8 Kg7 62. Kh4 Rb1 63. Rb7 Kf8 64. Rb8+ Ke7 65. Rb6 Kd7 66. f5 gxf5 67. Rb7+ Kc6 68. Rxf7 b2 69. Rf6+ Kd7 70. Rb6 f4 71. Rb3 f3 72. Rd3+ Ke6 73. Re3+ Kd5 74. Rxf3 Rd1 75. Rb3 b1=Q 76. Rxb1 Rxb1 77. Kxh5 Ke6 78. h4 Rb4 0-1

[Event "Olympiad Women 2024"]
[Site "Budapest HUN"]
[Date "2024.09.14"]
[Round "4.7"]
[Board "4"]
[White "Kairbekova, Amina"]
[Black "Mandura, Tijana"]
[Result "1/2-1/2"]
[WhiteElo "2243"]
[BlackElo "2207"]
[PlyCount "95"]
[EventDate "2024.09.11"]
[WhiteTeam "Kazakhstan"]
[BlackTeam "Serbia"]
[WhiteTeamCountry "KAZ"]
[BlackTeamCountry "SRB"]

1. e4 {Fernandez,Daniel Howard} e5 2. Nf3 Nc6 3. Bb5 Nf6 4. d3 Bc5 ({RR} 4... Ne7) ({RR} 4... d6 5. c3 g6 6. O-O Bg7 7. Re1 O-O 8. Nbd2 a6 ({RR} 8... Nb8) 9. Ba4 b5 10. Bc2 Bb7 11. Nf1 Nb8) 5. O-O Nd4 ({RR} 5... O-O 6. Bxc6 dxc6 7. Nxe5) 6. Nxd4 Bxd4 7. c3 Bb6 8. Na3 c6 ({RR} 8... O-O 9. Bg5 c6 10. Ba4 h6 11. Bh4 d6 ({RR} 11... d5 12. exd5 cxd5 13. Re1 Bc7) 12. Nc4 Bc7 13. Ne3 Bb6 14. Qf3) 9. Ba4 h6 ({RR} 9... d6 10. Bc2 ({RR} 10. Bb3 a5 11. Nc4 Ba7 12. a4 O-O 13. Bg5 h6 14. Bxf6 ({RR} 14. Bh4 g5 15. Bg3 Bg4) 14... Qxf6 15. Nxa5 d5) 10... Be6 11. Qe2 h6 ({RR} 11... O-O) 12. Kh1 g5 13. Nc4 Bc7 14. Ne3 ({RR} 14. a4) ({RR} 14. Rd1 O-O 15. Ne3 ({RR} 15. d4 Bxc4 16. Qxc4 d5) 15... d5) 14... d5 15. Re1 Qe7 ({RR} 15... d4 16. Nf5 Bxf5 17. exf5 Kf8) 16. a4 O-O-O 17. Rb1 ({RR} 17. exd5 Nxd5 18. Nxd5 Bxd5 19. Be3) 17... d4 18. Nf1 Bb6 ({RR} 18... Nd7) ({RR} 18... g4 19. cxd4 exd4 20. f4 gxf3 21. Qxf3 Ng4) 19. Bd2 Bg4 20. f3 Be6 21. Ng3 Rhg8 ({RR} 21... Ne8 22. c4 Ng7 23. b4 h5 24. Nf5) 22. b4 g4 23. a5 ({RR} 23. cxd4 Bxd4 24. f4) 23... dxc3 ({RR} 23... Bc7 24. Rf1) 24. Bxc3 {1-0 Caruana,F (2822)-So,W (2778) Norway Chess 6th 2018 (9)}) ({RR} 9... O-O) ({RR} 9... d6 10. Nc4 Bc7 11. Bb3 Be6 12. f4 exf4 13. Bxf4 d5 14. Bxc7 Qxc7 15. exd5 Nxd5 16. Qf3 O-O-O 17. Rae1 Rhe8 18. d4 Kb8 19. Ne5 f6 20. Nd3 Re7 21. Nc5 Bc8 22. Rxe7 Qxe7 23. Qf2 Re8 24. Bxd5 {½-½ Vokhidov,S (2643)-Grischuk,A (2708) 2nd Kasimdzhanov Cup 2024 (8.4)}) 10. Bc2 $146 ({RR} 10. Nc4 Bc7 11. Ne3 d5 12. exd5 Nxd5 13. Nxd5 Qxd5 14. Bb3 Qd6 15. f4 O-O 16. fxe5 Qxe5 17. Bf4 Qe7 18. Bxc7 Qxc7 19. Qh5 Be6 20. Bxe6 fxe6 21. d4 Qb6 22. b3 Rxf1+ 23. Rxf1 Rf8 24. Rxf8+ Kxf8 {½-½ Veroci,Z (2340)-Misanovic,V (2260) YUG-chT 41st 1989 (1)}) ({RR} 10. d4 d6) ({RR} 10. Nc4 Bc7 11. f4 exf4 12. e5 b5 13. Bxf4 Nd5 14. Nd6+ Bxd6 15. exd6 bxa4 16. Qe2+ Kf8 17. Rae1 Kg8 18. Be5 Ba6 19. c4 Nb6 20. Bxg7 Kxg7 21. Qe5+ f6 22. Qg3+ Kf7 23. Re7+ Qxe7 24. dxe7 Kxe7 {1-0 Wang,J (2363)-Shen,Y (2458) CHN Masters (Women) 4th 2014 (3)}) 10... O-O 11. Nc4 Bc7 12. f4 exf4 13. e5 Nd5 14. Bxf4 Nxf4 15. Rxf4 d5 16. exd6 Bxd6 17. Nxd6 Qxd6 18. Qd2 Be6 19. d4 Rae8 20. b3 Re7 21. Raf1 Qd5 22. Qd3 f5 23. h4 g5 24. R4f2 Bd7 25. Qd1 Rf6 26. b4 Qf7 27. Bb3 Be6 28. c4 Bxc4 29. Bxc4 Qxc4 30. hxg5 hxg5 31. Rxf5 Rxf5 32. Rxf5 Qxa2 33. Rxg5+ Rg7 34. Rxg7+ Kxg7 35. Qg4+ Kf6 36. Qf4+ Kg6 37. Qd6+ Kg5 38. Qe7+ Kg4 39. Qg7+ Kf5 40. Kh2 Qd2 41. Qe5+ Kg4 42. Qe6+ Kg5 43. Qg8+ Kf5 44. Qh7+ Kg5 45. Qe7+ Kf5 46. Qe5+ Kg4 47. Qe6+ Kg5 48. Qe5+ 1/2-1/2

[Event "Olympiad Women 2024"]
[Site "Budapest HUN"]
[Date "2024.09.14"]
[Round "4.8"]
[Board "1"]
[White "Mkrtchian, Lilit"]
[Black "Pham, Le Thao Nguyen"]
[Result "1/2-1/2"]
[WhiteElo "2366"]
[BlackElo "2380"]
[PlyCount "58"]
[EventDate "2024.09.11"]
[WhiteTeam "Armenia"]
[BlackTeam "Vietnam"]
[WhiteTeamCountry "ARM"]
[BlackTeamCountry "VIE"]

1. c4 {Sumets,Andrey} c6 2. Nf3 d5 3. e3 Nf6 4. Nc3 a6 5. d4 g6 6. Bd3 Bg7 ({RR} 6... Bf5 7. Bxf5 ({RR} 7. O-O Bxd3 ({RR} 7... Bg7 8. Bxf5 gxf5 9. Qb3 Ra7 10. cxd5 cxd5 11. Ne5) 8. Qxd3 Bg7 9. e4) 7... gxf5 8. Qb3 Ra7 9. Ne5 e6 10. Bd2 Nbd7 11. Nxd7 Nxd7 12. cxd5 cxd5 13. Ne2 Qb6 14. Nf4 Ra8 15. Ke2 Bd6 16. Nd3 Ke7 17. Rhc1 Rhc8) 7. h3 O-O 8. O-O b5 ({RR} 8... Nbd7 9. a4 ({RR} 9. cxd5 cxd5 ({RR} 9... Nxd5 10. e4) 10. Qb3 e6 11. Bd2 b6 12. Rfc1) 9... Re8 10. cxd5 cxd5 11. Bd2 b6 12. Qe2 ({RR} 12. Qb3 Bb7 13. Rac1 Rc8 14. Ne2) 12... Bb7 ({RR} 12... e5 13. dxe5 Nxe5) 13. Rfd1 ({RR} 13. Bc2 e5) ({RR} 13. a5 b5 14. Na2 Ne4 ({RR} 14... e5 15. dxe5 Nxe5 16. Nxe5 Rxe5 17. Bc3)) 13... e5 14. dxe5 Nxe5 15. Be1 Nxf3+ 16. Qxf3 Qb8) ({RR} 8... dxc4 9. Bxc4 b5 10. Bb3 ({RR} 10. Bd3 c5 11. dxc5 Nfd7 12. Qe2 Nxc5 13. Bc2 Bb7 14. Rd1 Nbd7 15. Bd2 Nb6 16. Be1 Qb8) 10... a5 11. a3 Na6 12. Re1 b4 13. axb4 Nxb4 14. Na2 c5 15. Nxb4 cxb4 16. e4) 9. b3 ({RR} 9. cxd5 cxd5 10. a4 b4 11. Nb1 a5 12. Nbd2 Ba6 13. Nb3 Ne4 14. Bxa6 Rxa6 15. Bd2 Rc6 16. Qe2 Nd6 17. Ne5 Bxe5 18. dxe5 Nc4 19. f4 e6 20. Be1 Nd7 21. Bf2 Qe7 22. e4 dxe4 23. Qxe4 Rc7 {1-0 Volkov,S (2429)-Brytsikau,M (1834) Korchnoi Mem Open 2024 (1.9)}) 9... Be6 ({RR} 9... Nbd7 10. Qc2 Bb7 11. c5 Ne8 ({RR} 11... a5 12. a3 e5 13. dxe5 Ne8 14. Ne2 ({RR} 14. e4 dxe4 15. Nxe4 Nxe5 16. Nxe5 Bxe5 17. Bh6 ({RR} 17. Rb1 Qc7 ({RR} 17... Nf6 18. Bg5) 18. Re1 Nf6 19. Bb2 Nxe4 20. Bxe5 Qxe5 21. Bxe4) 17... Bxa1 18. Rxa1 f5 19. Ng5 Nc7 ({RR} 19... Rf6 20. Rd1 Qe7 21. Qc3) 20. Rd1 Qf6 21. Bxf8 Rxf8 22. Qd2) 14... Qe7 15. e4 dxe4 16. Bxe4 Nxc5 ({RR} 16... Qxc5 17. Ra2 Qxc2 18. Rxc2 Nxe5 19. Nxe5 Bxe5 20. Bh6 Ng7 21. Bxc6 Rac8 22. Rfc1 Bxc6 23. Rxc6 Rxc6 24. Rxc6 Rd8) 17. Ng3 Nxe4 18. Nxe4 c5 19. Re1 Rc8 20. Bg5 Bxe4 21. Qxe4 Qe6 22. Qh4 Nc7 23. Bh6 Bxh6 24. Qxh6 f6 25. Rad1 Rf7 26. Rd6) 12. Bb2 Nc7 13. b4 a5 14. a3 Ne6 ({RR} 14... e5 15. dxe5 Nxe5 16. Nxe5 Bxe5 17. Ne2 ({RR} 17. Nxb5 Bxb2 18. Nxc7 Bxa1 19. Nxa8 Be5 ({RR} 19... Qxa8 20. Rxa1 axb4 21. Qb2) 20. Nb6 axb4 21. axb4 Bc7) 17... Bxb2 18. Qxb2 Ne6 19. Rad1 Re8 20. e4 dxe4 21. Bxe4) ({RR} 14... Re8 15. Rfe1 e5 16. dxe5 Nxe5 17. Nxe5 Bxe5 18. Ne2 ({RR} 18. e4 axb4 19. axb4 Rxa1 20. Bxa1 Qh4) 18... Bxb2 19. Qxb2) 15. Nd2 Qc7 16. f4 axb4 ({RR} 16... f5 17. Nf3 ({RR} 17. g4 fxg4 18. hxg4 Nxf4 19. exf4 Rxf4)) 17. axb4 Rxa1 18. Rxa1 Ra8 19. Rxa8+ Bxa8 20. Nf3 Bb7 ({RR} 20... f5 21. g4 fxg4 22. hxg4 Nxf4 23. exf4 Qxf4 24. Qe2 ({RR} 24. Qg2 Qe3+) 24... Qxg4+ 25. Kf1 Bxd4 ({RR} 25... e5 26. dxe5 Qh3+ 27. Ke1 Qg3+ 28. Kd2 Nxe5 29. Nxe5 Qxe5 30. Qxe5 Bxe5) 26. Nxd4 Qxd4 27. Qe6+ Kf8 28. Qxd7 Qxd3+ 29. Ne2 Kf7) 21. g4 Bc8 22. Bc1 Nf6 23. Qa2 h6 24. Ne5 {1-0 Caruana,F (2786)-Kamsky,G (2762) Tashkent FIDE GP 2nd 2012 (3)} {RR} Bb7 25. Kg2 Nd7 26. Nf3 Bc8 27. Qf2) ({RR} 9... bxc4 10. bxc4 c5 11. Nxd5 ({RR} 11. dxc5 Nbd7 ({RR} 11... Ne4 12. Bxe4 dxe4 13. Nd4) 12. Ba3 Qa5 13. Na4 dxc4 14. Bxc4 Bb7 15. Nd4 Ne5 16. Rb1 Nxc4 17. Rxb7 Nxa3 18. Nc6) 11... Nxd5 12. cxd5 Qxd5 13. Ba3 cxd4 14. Bxe7 Re8 15. e4 Qd7 16. Ba3 Bb7 17. Nd2 Nc6 18. Nc4 Ne5) 10. cxd5 $146 ({RR} 10. Qe2 h6 11. Bd2 Nbd7 12. Rfc1 Nb6 13. Ne5 Rc8 14. c5 Nbd7 15. f4 Nxe5 16. fxe5 Nd7 17. b4 f5 18. a4 g5 19. axb5 axb5 20. Rf1 Ra8 21. Qd1 Qc7 22. Rxa8 Rxa8 23. Bxf5 Bxf5 24. Rxf5 e6 {1-0 Mekhitarian,K (2554)-Vakhania,A (2138) Titled Tuesday intern op 26th May blitz 2020 (8)}) 10... cxd5 11. a4 b4 12. Ne2 Ne4 13. Bb2 Nc6 14. Rc1 Qd7 15. Nf4 Na5 16. Ne5 Qd6 17. Bxe4 dxe4 18. Nxe6 Qxe6 19. Nc4 Nxc4 20. Rxc4 Qd6 21. Qc2 f5 22. Rc1 a5 23. Rc5 Bf6 24. Qc4+ Kg7 25. Rc6 Qd7 26. Rc7 Qd6 27. Rc6 Qd7 28. Rc7 Qd6 29. Rc6 Qd7 1/2-1/2

[Event "Olympiad Women 2024"]
[Site "Budapest HUN"]
[Date "2024.09.14"]
[Round "4.8"]
[Board "2"]
[White "Vo, Thi Kim Phung"]
[Black "Mkrtchyan, Mariam"]
[Result "1/2-1/2"]
[WhiteElo "2320"]
[BlackElo "2328"]
[PlyCount "200"]
[EventDate "2024.09.11"]
[WhiteTeam "Vietnam"]
[BlackTeam "Armenia"]
[WhiteTeamCountry "VIE"]
[BlackTeamCountry "ARM"]

1. d4 d5 2. Nf3 e6 3. c4 Nf6 4. Nc3 Bb4 5. Bg5 O-O 6. e3 c5 7. cxd5 exd5 8. dxc5 Nbd7 9. Be2 Bxc3+ 10. bxc3 Nxc5 11. Bxf6 Qxf6 12. Qd4 Ne4 13. c4 $146 ({RR} 13. Qxf6 Nxf6 14. Nd4 Bd7 15. Rb1 b6 16. c4 Rac8 17. cxd5 Nxd5 18. Bf3 Nc3 19. Rc1 a5 20. Ra1 Rc5 21. Kd2 Rfc8 22. Rhc1 Kf8 23. Rc2 Ke7 24. a3 Na4 25. Rac1 Kd6 26. Rxc5 bxc5 27. Ne2 Rb8 {0-1 Seres,L (2324)-Ohanyan,E (2514) FSGM September 2024 (4.2)}) 13... Be6 14. Qxf6 Nxf6 15. Nd4 Rac8 16. cxd5 Nxd5 17. Bf3 Rc7 18. O-O Nc3 19. a4 a5 20. Ra3 Rfc8 21. h3 Bd7 22. Rfa1 b6 23. Kh2 g6 24. Bg4 h5 25. Bxd7 Rxd7 26. Rb3 Nd5 27. Rb5 Rd6 28. Rb2 Nb4 29. g4 Rd5 30. Kg2 Rc4 31. Kg3 hxg4 32. hxg4 Rdc5 33. Rd2 Rd5 34. Rb2 Rdc5 35. Rd1 Rc1 36. Rdd2 Rg1+ 37. Kf3 Rg5 38. Ne2 R1xg4 39. Rd6 Rc4 40. Nd4 Rgc5 41. Rxb6 Nd5 42. Rb8+ Kg7 43. R2b7 Rc7 44. Rxc7 Rxc7 45. Ra8 Rc4 46. Rxa5 Nc3 47. Ra7 Rxa4 48. Rd7 Ra6 49. Rc7 Rf6+ 50. Kg2 Ne4 51. f3 Ng5 52. Rc2 Rb6 53. f4 Ne6 54. Nf3 Kf6 55. Rc4 Rb2+ 56. Kg3 Ke7 57. Ne5 Rb7 58. Kf3 Rc7 59. Ra4 Nc5 60. Ra1 Nd7 61. Nd3 Rb7 62. Ra4 Kf6 63. Nf2 Ke7 64. Ra6 Nc5 65. Rc6 Ne6 66. Ng4 Rc7 67. Rb6 Ra7 68. Ne5 Rc7 69. Nc6+ Kf8 70. Ke4 Kg7 71. Ke5 Rd7 72. Nb4 Nc5 73. Nd5 Rb7 74. Rc6 Nd3+ 75. Kd4 Nb4 76. Rc4 Nxd5 77. Kxd5 Rd7+ 78. Ke4 Ra7 79. Kf3 Ra3 80. Rc6 Rb3 81. Rc5 Kf6 82. Re5 Ra3 83. Kg4 Kg7 84. Re8 Ra5 85. Rb8 Ra4 86. Rb3 Re4 87. Kf3 f5 88. Rb6 Kf7 89. Ke2 Re7 90. Rd6 Re6 91. Rd8 Re7 92. Kf3 Kg7 93. Rd3 Kf6 94. Kg3 Re4 95. Ra3 Re7 96. Kh4 Rh7+ 97. Kg3 Re7 98. Rb3 Re4 99. Rb6+ Re6 100. Rb3 Re4 1/2-1/2

[Event "Olympiad Women 2024"]
[Site "Budapest HUN"]
[Date "2024.09.14"]
[Round "4.8"]
[Board "3"]
[White "Danielian, Elina"]
[Black "Luong Phuong Hanh"]
[Result "1-0"]
[WhiteElo "2393"]
[BlackElo "2225"]
[PlyCount "71"]
[EventDate "2024.09.11"]
[WhiteTeam "Armenia"]
[BlackTeam "Vietnam"]
[WhiteTeamCountry "ARM"]
[BlackTeamCountry "VIE"]

1. Nf3 f5 2. g3 Nf6 3. Bg2 g6 4. d3 Bg7 5. O-O d6 6. c4 c6 7. Nc3 O-O 8. e4 ({RR} 8. Qc2 a5 9. Rb1 Na6 10. a3 Bd7 11. b4 axb4 12. axb4 Nc7 13. Bb2 Ne6 14. Qb3 Kh8 15. d4 Qe8 16. Rbe1 Nc7 17. e4 fxe4 18. Nxe4 Nxe4 19. Rxe4 d5 20. cxd5 cxd5 21. Re3 Ba4 22. Qc3 Rc8 {½-½ Hickl,J (2485)-Jussupow,A (2620) Munich 1988}) 8... Na6 ({RR} 8... e5 9. Re1 a5 10. exf5 gxf5 11. d4 e4 12. Nh4 Be6 13. d5 cxd5 14. cxd5 Bd7 15. Bf4 Ra6 16. a4 Ng4 17. h3 Ne5 18. Bxe5 Bxe5 19. Bf1 Rb6 20. Qd2 Na6 21. Ng2 Nc5 22. Rad1 Rb4 23. Nf4 {0-1 Astafurov,A (2263)-Rohith,K (2380) Titled Tue 4th Apr Early 2023 (3)}) 9. exf5 $146 ({RR} 9. a3 fxe4 10. dxe4 Nc5 11. Qe2 Bg4 12. h3 Bxf3 13. Bxf3 Nb3 14. Rb1 Nd4 15. Qd1 Nd7 16. Be2 Nc5 17. f3 Ncb3 18. Be3 Qd7 19. Kg2 Rf7 20. Qd3 Nc5 21. Qd2 Ncb3 22. Qd3 Nc5 23. Qd2 {½-½ Richardson,K (2220)-Bhend,E (2246) WchT Seniors 1st 2004 (4.3)}) ({RR} 9. e5 dxe5 10. Nxe5 Nd7 11. Nf3 e5 12. Re1 Qc7 13. Rb1 Qd6 14. Bf1 Nc7 15. d4 Re8 16. Nxe5 Nxe5 17. Bf4 Qxd4 18. Kg2 Qxd1 19. Rbxd1 g5 20. Bxg5 Nf7 21. Be3 Rd8 22. Rc1 Ne6 23. c5 Ne5 {0-1 Rojas Sola,N-Vazquez Gonzalez,F ESP-ch Almeria 1989 (4)}) 9... Bxf5 10. Nh4 Bg4 11. f3 Bd7 12. d4 Qb6 13. Kh1 Nh5 14. Ne2 c5 15. Be3 cxd4 16. Nxd4 Qxb2 17. f4 Nc5 18. f5 Ba4 19. Qg4 Nf6 20. Qh3 g5 21. Ng6 hxg6 22. fxg6 g4 23. Qh4 e6 24. Rae1 Qc3 25. Nf5 exf5 26. Bd5+ Rf7 27. gxf7+ Kf8 28. Qg5 Bc2 29. Qf4 Nce4 30. Rc1 Nh5 31. Rxc2 Nxf4 32. Rxc3 Nxd5 33. Rb3 Nxe3 34. Rxe3 Rc8 35. Rxf5 Rxc4 36. Rf1 1-0